000 00256nam a2200109Ia 4500
008 190216s9999||||xx |||||||||||||| ||und||
100 _aPaniker
245 0 _aPazhayavine Puthiya Lebalil
260 _bNbs Kottayam
650 _aEssay Malayalam
942 _cBK
999 _c24729
_d24729